| 000 | 00623nam a2200205 a 4500 | ||
|---|---|---|---|
| 001 | 000011725 | ||
| 005 | 20250129172122.0 | ||
| 008 | 091027s2006 dr 000 f spa d | ||
| 020 | _a99993479705 | ||
| 040 |
_aDO-SdBNP _bspa _cBNPHU |
||
| 082 |
_aRD863.44 _bA277d |
||
| 100 | 1 |
_aAgramonte, Carlos, _d1954- _9858 |
|
| 245 | 1 | 0 |
_aDefiniendo el color / _cCarlos Agramonte. |
| 260 |
_aSanto Domingo : _bEdiciones FECSD, _c2006. |
||
| 300 |
_a411 p. ; _c23 cm. |
||
| 590 | _aInventariado, 2019 / DG | ||
| 650 | 0 |
_aNovela dominicana _9223 |
|
| 650 | 0 |
_aLiteratura dominicana. _967 |
|
| 910 | _aValidado. Control de calidad BNPHU | ||
| 999 |
_c11400 _d11400 |
||